| 000 | 00637cam a2200241 a 4500 | ||
|---|---|---|---|
| 001 | 13472388 | ||
| 005 | 20171222040603.0 | ||
| 008 | 040128s2004 maua 001 0 eng | ||
| 010 | _a 2004101197 | ||
| 020 | _a0312394977 | ||
| 035 | _a(DLC) 2004101197 | ||
| 040 |
_aDLC _cDLC _dDLC |
||
| 041 | _aeng | ||
| 080 | _a808.042 ODE | ||
| 082 | 0 | 0 |
_a808.042 ODE _222 |
| 100 | 1 | _a46 | |
| 101 | _aEDU | ||
| 245 | 1 | 0 |
_aWriting in a visual age / _cLee Odell, Susan Katz. |
| 246 | 3 | 0 | _aVisual age |
| 906 |
_a7 _bcbc _corignew _d2 _eepcn _f20 _gy-gencatlg |
||
| 942 |
_2ddc _cBK |
||
| 999 |
_c39311 _d39311 |
||